000 00923nam a22002297a 4500
999 _c6724
_d6724
003 AR-CdUCM
008 190319b ||||| |||| 00| 0 spa d
020 _a84-205-0433-5
040 _aMUNICIPALIDAD PROVINCIAL DEL CUSCO
_cBIBLIOTECA MUNICIPAL DEL CUSCO
041 _heng
082 _22ed.
_a510 /
_bSI56
100 _aSimons, S.
_918927
245 _aAnálisis Vectorial /
260 _aEspaña :
_bAlhambra ;
_c1973.
300 _a198 páginas ;
_bFórmulas, ilustraciones, diagramas
_c20cm
440 _aColección Exedra - Ciencia Técnica Ingeniería
_n16
_918928
505 _aContenido: Producto de vectores -- Producto de tres o cuatro vectores -- Gradiente, divergencia y rotacional -- Integrales sobre una línea, de superficie y de volumen -- Teorema de integración...
650 _aMatemáticas
_99398
700 _aGonzález Sotos, Ignacio (traducción)
_918929
942 _2ddc
_cLIBROS
945 _anom